| 000 | 00680nam a2200229 a 4500 | ||
|---|---|---|---|
| 001 | 43482 | ||
| 003 | BD-RjUL | ||
| 005 | 20211209053714.0 | ||
| 008 | 160622s1970 ii b 000 0 eng | ||
| 035 | _a(BD-RjUL)43600 | ||
| 040 |
_aDLC _cDLC _dDLC _dBD-RjUL _beng |
||
| 041 | _aeng | ||
| 082 |
_223 _a331.0954 _bDIM 1970 |
||
| 245 | 0 | 1 |
_aDimensions of industrial relations in India. _cEdited by B. S. Bhir. |
| 250 | _a1st ed. | ||
| 260 |
_aBombay : _bUnited Asia Publications, _c1970 |
||
| 300 |
_avi, 169 p. ; _c24 cm. |
||
| 650 | 0 |
_aIndustrial relations _zIndia. _9132805 |
|
| 650 | 0 |
_aLabor unions _zIndia. _9133570 |
|
| 700 |
_aBhir, B. S. edited by _9133571 |
||
| 942 |
_2ddc _cBK |
||
| 999 |
_c43482 _d43482 |
||